000 00542nam a22001217a 4500
008 110628t xxu||||| |||| 00| 0 eng d
010 _aHCCSF-92
245 _aHigh Court Civil Suit No.123 of 1994 U.C.B Vs Mrs. Bushuyu (administrator of Estate of John Wilson Bushuyu).
260 _c1994
500 _aBefore: The Hon. Mr. justice G.M. Okello
999 _c4211
_d4211